LEADER 01085nam0-22003491i-450- 001 990001355340403321 010 $a0-521-45223-6 035 $a000135534 035 $aFED01000135534 035 $a(Aleph)000135534FED01 035 $a000135534 100 $a20000920d1993----km-y0itay50------ba 101 0 $aeng 200 1 $aDynamic energy budgets in biological systems$eTheory and applications in ecotoxicology$fS. A. L. M. Kooijman 210 $aCambridge$cCambridge University Press$dc1993 215 $axiv, 350 p.$cill.$d26 cm 610 0 $aBiomatematica$aModelli matematici 610 0 $aDinamica delle popolazioni$aModelli matematici 610 0 $aInquinamento$aModelli matematici 676 $a574.5011 700 1$aKooijman,$bS. A. L. M.$061145 801 0$aIT$bUNINA$gRICA$2UNIMARC 901 $aBK 912 $a990001355340403321 952 $a122-G-8$b15134$fMA1 952 $a122-H-3$b15179$fMA1 959 $aMA1 962 $a90BXX 962 $a92BXX 996 $aDynamic energy budgets in biological systems$9375706 997 $aUNINA DB $aING01 LEADER 01181nam2-2200409---450- 001 990002930890203316 005 20070523163025.0 010 $a0-415-20296-5 035 $a000293089 035 $aUSA01000293089 035 $a(ALEPH)000293089USA01 035 $a000293089 100 $a20070523d2000----km-y0itay50------ba 101 $aeng 102 $aGB 105 $a||||||||001yy 200 1 $a<<1.>> : Abaza to kurdish$fGeorge L. Campbell 205 $a2. ed. 210 $aLondon [etc.]$cRoutledge$d2000 215 $aXXVI, 929 p.$d24 cm. 410 0$12001 454 1$12001 461 1$1001000293087$12001$aCompendium of the world's languages 606 0 $aLingue$xClassificazione 676 $a403 700 1$aCAMPBELL,$bGeorge L.$0162800 801 0$aIT$bsalbc$gISBD 912 $a990002930890203316 951 $aIV.2. 1877/1$b194769 L.M.$cIV.2.$d00160073 959 $aBK 969 $aUMA 979 $aRIVELLI$b90$c20070523$lUSA01$h1626 979 $aRIVELLI$b90$c20070523$lUSA01$h1627 979 $aRIVELLI$b90$c20070523$lUSA01$h1630 979 $aFIORELLA$b90$c20080319$lUSA01$h1628 996 $aAbaza to kurdish$91030431 997 $aUNISA